Educación no formal agrícola y modernización en el Estado de México (1940-1980) / (Record no. 65786)
[ view plain ]
| 000 -LEADER | |
|---|---|
| fixed length control field | 00674cam a2200181 4500 |
| 008 - FIXED-LENGTH DATA ELEMENTS--GENERAL INFORMATION | |
| fixed length control field | 040525s1987 mx g b 000 0 spa u |
| 050 00 - LIBRARY OF CONGRESS CALL NUMBER | |
| Classification number | HD1795 |
| Item number | .M4P54 1987 |
| 100 1# - MAIN ENTRY--PERSONAL NAME | |
| Personal name | Pieck Gochicoa, Enrique |
| 245 10 - TITLE STATEMENT | |
| Title | Educación no formal agrícola y modernización en el Estado de México (1940-1980) / |
| Statement of responsibility, etc | Enrique Pieck Gochicoa, Eduardo Aguado López. |
| 260 ## - PUBLICATION, DISTRIBUTION, ETC. (IMPRINT) | |
| Place of publication, distribution, etc | Zinacantepec, Edo. de México : |
| Name of publisher, distributor, etc | Colegio Mexiquense, |
| Date of publication, distribution, etc | 1987 |
| 300 ## - PHYSICAL DESCRIPTION | |
| Extent | 57 hojas ; |
| Dimensions | 28 cm. |
| 440 #0 - SERIES STATEMENT/ADDED ENTRY--TITLE | |
| Title | Cuadernos de trabajo ; |
| Volume number/sequential designation | No. 3 |
| 504 ## - BIBLIOGRAPHY, ETC. NOTE | |
| Bibliography, etc | Incluye bibliografía |
| 650 10 - SUBJECT ADDED ENTRY--TOPICAL TERM | |
| Topical term or geographic name as entry element | Agricultura |
| Geographic subdivision | México (Estado) |
| 700 10 - ADDED ENTRY--PERSONAL NAME | |
| Personal name | Aguado López, Eduardo coaut. |
| 942 ## - ADDED ENTRY ELEMENTS (KOHA) | |
| Source of classification or shelving scheme | Biblioteca del Cogreso de los Estados Unidos |
| Koha item type | Libro |
| Estado de pérdida | Fuente de clasificación | Estado del daño | No para préstamo | Ubicación permanente | Ubicación actual | Apartado o colección | Fecha de adquisición | Edición | Dependencia de educación superior (DES) | Área del conocimiento | Clasificación | Código de Barras | Date last seen | Número de copia | Tipo de recurso |
|---|---|---|---|---|---|---|---|---|---|---|---|---|---|---|---|
| Biblioteca del Cogreso de los Estados Unidos | Biblioteca del Instituto de Investigaciones Históricas | Biblioteca del Instituto de Investigaciones Históricas | General | 21/08/2018 | 1a ed. | Humanidades | Ciencias Sociales y Administrativas | HD1795 .M4 P54 1987 | IIH000024794 | 21/08/2018 | C:1 | Libro |